Apu Mallmalla. Protector de Checacupe / (Record no. 21061)

000 -CABECERA
fixed length control field 00606nam a22001937a 4500
003 - IDENTIFICADOR DEL NÚMERO DE CONTROL
control field AR-CdUCM
008 - DATOS DE LONGITUD FIJA--INFORMACIÓN GENERAL
fixed length control field 190726b ||||| |||| 00| 0 spa d
020 ## - NÚMERO INTERNACIONAL ESTÁNDAR DEL LIBRO
ISBN 99729651-1-2
040 ## - FUENTE DE LA CATALOGACIÓN
Agencia/entidad que catalogó originalmente la obra MUNICIPALIDAD PROVINCIAL DEL CUSCO
Entidad que transcribió la catalogación BIBLIOTECA MUNICIPAL DEL CUSCO
082 ## - NÚMERO DE LA CLASIFICACIÓN DECIMAL DEWEY
No. de Clasificación ES / 865.6 /
Notacion interna P13
100 ## - ENTRADA PRINCIPAL--NOMBRE DE PERSONA
Nombre Personal Pacho Turpo, Alejandra
245 ## - MENCIÓN DE TÍTULO
Título Apu Mallmalla. Protector de Checacupe /
260 ## - PUBLICACIÓN, DISTRIBUCIÓN, ETC.
Lugar de publicación, distribución, etc. Cusco :
Nombre de la editorial, distribuidor, etc. Asociación Pukllasunchis,
Fecha de publicación, distribución, etc. 2001.
300 ## - DESCRIPCIÓN FÍSICA
Nº de Páginas Extensión 19 páginas ;
Otros detalles físicos ilustraciones ;
Dimensiones 30 cm.
650 ## - PUNTO DE ACCESO ADICIONAL DE MATERIA--TÉRMINO DE MATERIA
Descriptor Cuentos andinos
9 (RLIN) 66
650 ## - PUNTO DE ACCESO ADICIONAL DE MATERIA--TÉRMINO DE MATERIA
Descriptor Literatura
9 (RLIN) 83
942 ## - ELEMENTOS DE PUNTO DE ACCESO ADICIONAL (KOHA)
Fuente de clasificación
Tipo de item Libros-BMC
945 ## - PROCESAMIENTO DE INFORMACIÓN LOCAL (OCLC)
Catalogador zta
Holdings
Estado de retiro (separado) Fuente de clasificación o esquema de estanterías Estado dañado Ubicación Sala donde se ubica Nombre de la colección Fecha de adquisición o compra Signatura topográfica Código de Barras Última vez visto (Koha) Tipo de ítem (Koha)
No     Sala de Infantes Sala de Infantes Book Cart 2019-07-26 ES / 865.6 / P13 SI00000633 2019-07-26 Libros-BMC
No     Sala de Infantes Sala de Infantes Book Cart 2019-07-26 ES / 865.6 / P13 / e.2 SI00001409 2019-07-26 Libros-BMC
No     Sala de Infantes Sala de Infantes Children's Area 2019-07-26 ES / 865.6 / P13 / e.3 SI00001887 2019-07-26 Libros-BMC

Powered by Koha